000 00690nam a2200229Ia 4500
003 OSt
005 20220926042843.0
006 a|||||r|||| 00| 0
007 ta
008 220923b |||||||| |||| 00| 0 eng d
037 _cGeneral Book
040 _aRTL
_cRTL
_beng
041 _2eng
_aeng
082 _aX9(F555).5.N64t4, K4
110 _aOrganisation for Economic Cooperation and Development
245 0 _aOil today (1964)
_b As viewed by the OECD special co
260 _c1964
650 _aPetroleum Industry
700 _aOrganisation for Economic Cooperation and Development
942 _hX9(F555).5.N64t4, K4
_cGB
_2CC
999 _c670685
_d670685